000 00908nam0a22002291 4500
001 v19\rc\2042757
005 20260406183343.0
035 _a(NLR Aleph) 005122485
090 _a7607935
_c7607935
100 _a20081111d1904 |||y0rusy50 ca
101 0 _arus
102 _aRU
105 _ay z |||||
200 1 _aО дополнении "Временных правил для испытания и поверки электрических измерительных приборов, представляемых в Главную палату мер и весов"
210 _aСанкт-Петербург
_cтип. В. Демакова
_d[1904]
215 _a2 с.
710 0 1 _aРоссия
_bГлавная палата мер и весов
_3RU\NLR\AUTH\889948501
_9392619
801 0 _aRU
_bNLR
_gpsbo
801 1 _aRU
_bProSoft-M
_2rusmarc
852 _aNLR
_j34.52.4.1338
942 _cBOOK
980 _aNB